Vista normal Vista MARC

Entrada Topical Term

Número de registros utilizados en: 1

001 - CONTROL NUMBER

  • control field: 39988

003 - CONTROL NUMBER IDENTIFIER

  • control field: OSt

005 - DATE AND TIME OF LATEST TRANSACTION

  • control field: 20210906103929.0

008 - FIXED-LENGTH DATA ELEMENTS

  • fixed length control field: 210906|| aca||aabn | a|a d

040 ## - CATALOGING SOURCE

  • Original cataloging agency: OSt
  • Transcribing agency: OSt

150 ## - HEADING--TOPICAL TERM

  • Topical term or geographic name entry element: Contabilidad de las rentas nacionales

670 ## - SOURCE DATA FOUND

  • Source citation: Work cat.: (OSt)8480: Ohlsson, Ingvar, 17393 autor, Contabilidad nacional / , 1960